| 000 | 00556nam a22001817a 4500 | ||
|---|---|---|---|
| 005 | 20231228125450.0 | ||
| 010 | _aENG-137430 | ||
| 020 |
_a9789382382614 _c119.50 |
||
| 035 | _aEN-120962 | ||
| 037 | _bDBAD/PUB | ||
| 082 | _aS | ||
| 100 |
_aSewell, Anna _960353 |
||
| 245 |
_aBlack Beauty: _bComplete And Unabridged/ _cBy Anna Sewell |
||
| 260 |
_aNew Delhi _bSparrow Books _c2015 |
||
| 270 |
_ac-58, N.D.S.E. Part-1 _bNew Delhi _e110049 _k011-23362985, 011-23369685 _mSparrowbooks123@gmail.com |
||
| 300 |
_a181pg. _c20cm(pb) |
||
| 942 |
_2ddc _cHN _hS _mSEW |
||
| 999 |
_c196843 _d196843 |
||